Statistics for Jean Reno Filmography

Click here to take the quiz!

General Stats

  • This quiz has been taken 15 times
    (7 since last reset)
  • The average score is 29 of 141

Answer Stats

TypeYearName% Correct
Film1994Léon: The Professional
100%
Film1993Les Visiteurs
67%
Film1990Nikita
67%
Film1988The Big Blue
67%
Film201022 Bullets
50%
Film1995French Kiss
50%
Film1998Godzilla
50%
Film2001Just Visiting
50%
Film1996Le Jaguar
50%
Film2024Lift
50%
Film1985Subway
50%
Film2006The Da Vinci Code
50%
Film2019The Lion King
50%
Film1994The Lion King
50%
Film2006The Pink Panther
50%
Film2009The Pink Panther 2
50%
Film2016The Visitors: Bastille Day
50%
Film20194L
33%
Film2012Alex Cross
33%
Web Series2022A Private Affair
33%
Film2009Couples Retreat
33%
Film2004Crimson Rivers 2: Angels of the Apocalypse
33%
Film2005Empire of the Wolves
33%
Film2006Flushed Away
33%
Film2006Flyboys
33%
Film2004Hotel Rwanda
33%
Film2002Jet Lag
33%
Film1993La Vis
33%
Film1991L'Opération Corned-Beef
33%
Film2017Mes trésors
33%
Film1996Mission: Impossible
33%
Film2002Rollerball
33%
Film1998Ronin
33%
Film1997Roseanna's Grave
33%
Film2020Rouge City
33%
Film2003Ruby & Quentin
33%
Film2012The Chef
33%
Film2004The Corsican File
33%
Film2000The Crimson Rivers
33%
Film2009The First Circle
33%
Film2017The Girl in the Fog
33%
Film2016The Promise
33%
Film2010The Roundup
33%
Film2001Wasabi
33%
Theater1989Andromaque
17%
Film2023Antigang: La Relève
17%
Film2009Armored
17%
Film2014Benoît Brisefer: Les Taxis rouges
17%
Film1995Beyond the Clouds
17%
Film2015Brothers of the Wind
17%
Film2008Cash
17%
Theater1978Celimare le bien-aimé
17%
Film2019Cold Blood
17%
Film2020Da 5 Bloods
17%
Film2014Days and Nights
17%
Theater1978Ecce Homo
17%
Film1993Flight from Justice
17%
Film2014Hector and the Search for Happiness
17%
Film1986I Love You
17%
Theater1979Je romps et ne plie pas
17%
TV Mini-Series2013Jo
17%
Theater1981La Manufacture
17%
Film2012Le Jour des Corneilles
17%
Theater2006Les Grandes Occasions
17%
Film1997Les Soeurs Soleil
17%
Film1995Les Truffes
17%
Film1991L'Homme au masque d'or
17%
Film1991Loulou Graffiti
17%
Film2024Maison de Retraite 2
17%
Film2011Margaret
17%
Theater1991Montserrat
17%
Film2014My Summer in Provence
17%
Theater2015Nos femmes
17%
Video Game2004Onimusha 3: Demon Siege
17%
Film1984Our History
17%
Short Film1993Paranoïa
17%
Film2019Polina and the Mystery of a Film Studio
17%
Film1992Porco Rosso
17%
Theater1977Prends bien garde aux zeppelins
17%
Film2021Promises
17%
Film1983Signes extérieurs de richesse
17%
Theater1979Société Un
17%
Theater1984Terre étrangère
17%
Film2017The Adventurers
17%
Film1999The Book That Wrote Itself
17%
Film2020The Doorman
17%
Film1978The Hypothesis of the Stolen Painting
17%
Film1983The Last Battle
17%
Film2016The Last Face
17%
Film2020The Last Journey of Paul W. R.
17%
Film1980The Moroccan Stallion
17%
Film1982The Passerby
17%
FilmTBAThe Penguin & The Fisherman
17%
Short Film1981The Penultimate
17%
Short Film2010The Philosopher
17%
Short Film1993The Screw
17%
Film2015The Squad
17%
Film1985The Telephone Always Rings Twice
17%
Film2005The Tiger and the Snow
17%
Film1998The Visitors II: The Corridors of Time
17%
Film2020Waiting for Anya
17%
Web Series2022Who Killed Sara?
17%
Film1997Witch Way Love
17%
Film1979Womanlight
17%
Film2011You Don't Choose Your Family
17%
Film1986Zone Red
17%
TV Mini-Series1983A Few Men of Good Will
0%
TV Film1985A Fulfilled Man
0%
Short Film1984Alea
0%
TV Show2022All Those Things We Never Said
0%
FilmTBABirdsEye
0%
TV Show1985Black Sequence
0%
Short Film1983Bloody Ballad
0%
TV Show2020Call My Agent!
0%
Web Series2020Die Hart
0%
Film2023Die Hart
0%
Film1980Do You Want a Nobel Baby?
0%
TV Show1984Hello Beatrice
0%
Short Film1984Hold the Line
0%
Music Video2003I'll See It Through
0%
TV Film2020I Love You Coiffure
0%
Film1981Les Bidasses aux Grandes Manoeuvres
0%
Film2024Loups-Garous
0%
TV Mini-Series1980Mail from the Sky
0%
TV Film1987Mr. Benjamin
0%
TV Show1974One Mystery a Day
0%
Documentary2014Paris Story
0%
Commercial2012Sky Deutschland
0%
Film1985Strictly Personal
0%
TV Mini-Series1985Tender Is the Night
0%
Film2012The Day of the Crows
0%
Film2012The Dream Team
0%
TV Film2006The Great Occasions
0%
Short Film2016The Little Things
0%
FilmTBAThe Man Who Saved Paris
0%
TV Film1986Tomorrow the Day Will Come
0%
Commercial2011Toyota
0%
Commercial2002Toyota Alphard
0%
Film2009Ultimate Heist
0%
Commercial2006UPS
0%
Film1981We're Not Angels... Neither Are They
0%

Score Distribution

Percentile by Number Answered

Percent of People with Each Score

Your Score History

You have not taken this quiz since the last reset